Handbook of clinical nutrition / c Douglas C. Heimburger, Jamy D. Ard.
Saved in:
| Main Author: | |
|---|---|
| Other Authors: | |
| Format: | Book |
| Language: | English |
| Published: |
Philadelphia, PA
Mosby
c2006.
|
| Edition: | 4th ed. |
| Subjects: | |
| Tags: |
Add Tag
No Tags, Be the first to tag this record!
|
| Call Number : | RM217.2 .H45 2006 |
MARC
| LEADER | 00000nam a2200000 a 4500 | ||
|---|---|---|---|
| 001 | 44651 | ||
| 003 | MY-KLNDU | ||
| 005 | 20241219004420.0 | ||
| 008 | 110720s2009 xxua 001 0 eng d | ||
| 010 | |a 2005-054010 | ||
| 020 | |a 9788131214404(cover) | ||
| 020 | |a 9780323039529 | ||
| 039 | 9 | |a 201107272036 |b sani |c 201107272033 |d sani |c 201107201620 |d noraziera |y 201107201620 |z noraziera | |
| 040 | |a DLC | ||
| 050 | |a RM217.2 |b .H45 2006 | ||
| 060 | |a WB 39 |b .H467h 2006 | ||
| 090 | |a WB 39 |b .H467h 2006 | ||
| 100 | 1 | |a Heimburger, Douglas C. | |
| 245 | 1 | 0 | |a Handbook of clinical nutrition / c Douglas C. Heimburger, Jamy D. Ard. |
| 250 | |a 4th ed. | ||
| 260 | |a Philadelphia, PA |b Mosby |c c2006. | ||
| 300 | |a xxii, 645 p. |b ill. |c 19 cm | ||
| 592 | |a 10/0024 |b 22.07.2011 |c RM85.00 | ||
| 650 | 0 | |a Diet therapy |x Handbooks, manuals, etc. | |
| 650 | 1 | 2 | |a Diet Therapy |x Handbooks. |
| 650 | 2 | 2 | |a Nutrition |x Handbooks. |
| 700 | 1 | |a Ard, Jamy D. | |
| 999 | |a vtls000045239 |c 44651 |d 44651 | ||


